Countries by Initial Letter and Length #3 - Statistics

General Stats
  • This quiz has been taken 3,188 times
  • The average score is 14 of 20
Answer Stats
hint country % Correct
M4 Mali
97%
L4 Laos
95%
F7 Finland
87%
G5 Ghana
77%
T5 Tonga
77%
A7 Armenia
76%
G5 Gabon
74%
I7 Iceland
70%
I7 Ireland
69%
A7 Austria
67%
A7 Albania
66%
K6 Kosovo
66%
A7 Algeria
64%
E16 Equatorial Guinea
61%
K6 Kuwait
61%
A7 Andorra
60%
T8 Thailand
56%
C6 Canada
53%
T8 Tanzania
48%
C6 Cyprus
34%
No matching quizzes found
Score Distribution
Percent of People with Each Score
Percentile by Number Answered
Your Score History
You have not taken this quiz